Acid Rain Abatement in Europe Two Progress Reports

Guardado en:
Detalles Bibliográficos
Autor principal: Hordijk, Leen
Formato: Libro
Lenguaje:inglés
Publicado: Laxenburg International Institute for Applied Systems Analysis 1987
Edición:1. ed.
Etiquetas: Agregar Etiqueta
Sin Etiquetas, Sea el primero en etiquetar este registro!

MARC

LEADER 00000nam a2200000 4500
001 c030171
005 20221219115435.6
041 0 |a eng 
044 |a AT 
245 1 0 |a Acid Rain Abatement in Europe  |b Two Progress Reports  |c Leen Hordijk 
250 |a 1. ed. 
264 1 |a Laxenburg  |b International Institute for Applied Systems Analysis  |c 1987 
300 |a S.295-305, 2053-2058 s. 
100 1 |a Hordijk, Leen